Dimensiones de la conciencia histórica / (Record no. 26166)

MARC details
000 -LEADER
campo de control de longitud fija 00691nam a2200217 i 4500
001 - NÚMERO DE CONTROL
campo de control 26166
003 - IDENTIFICADOR DE NÚMERO DE CONTROL
campo de control ES-MaACL
005 - FECHA Y HORA DE LA ÚLTIMA TRANSACCIÓN
campo de control 20251015063043.0
007 - CAMPO FIJO DE DESCRIPCIÓN FÍSICA--INFORMACIÓN GENERAL
campo de control de longitud fija t|
008 - DATOS DE LONGITUD FIJA--INFORMACIÓN GENERAL
campo de control de longitud fija 030108s1962 sp ||||1| spa d
100 1# - ENTRADA PRINCIPAL--NOMBRE DE PERSONA
Nombre de persona Aron, Raymond,
Fechas asociadas al nombre 1905-1983
9 (RLIN) 23155
245 10 - MENCIÓN DEL TÍTULO
Título Dimensiones de la conciencia histórica /
Mención de responsabilidad, etc. Raymond Aron ; [Traducción de Pedro López Cortezo].
260 ## - PUBLICACIÓN, DISTRIBUCIÓN, ETC.
Lugar de publicación, distribución, etc. Madrid :
Nombre del editor, distribuidor, etc. Tecnos,
Fecha de publicación, distribución, etc. [1962]
300 ## - DESCRIPCIÓN FÍSICA
Extensión 209 p. ;
Dimensiones 24 cm.
490 1# - MENCIÓN DE SERIE
Mención de serie Semilla y Surco ;
Designación de volumen o secuencia 23
650 #4 - PUNTO DE ACCESO ADICIONAL DE MATERIA--TÉRMINO DE MATERIA
Término de materia o nombre geográfico como elemento de entrada Historia-
Subdivisión general Filosofía.
9 (RLIN) 13380
700 1# - ENTRADA AGREGADA--NOMBRE PERSONAL
Nombre de persona López Cortezo, Pedro.
9 (RLIN) 73512
830 0# - PUNTO DE ACCESO ADICIONAL DE SERIE-TÍTULO UNIFORME
Título uniforme Semilla y surco
Designación de volumen o secuencia 23
9 (RLIN) 177965
852 ## - LOCALIZACIÓN
Ubicación ES-MaACL
Número de control de estantería C-26717
Sublocalización o colección R.55798
Holdings
Estatus retirado Estado de pérdida Estado de daño No para préstamo Biblioteca de origen Biblioteca actual Ubicación en estantería Fecha de adquisición Fuente de adquisición Total de préstamos Signatura topográfica completa Código de barras Visto por última vez Precio de reemplazo Tipo de ítem Koha
        Biblioteca del Ateneo de Madrid Biblioteca del Ateneo de Madrid Depósito 2 17/01/2008     C-26717 1027003 23/02/2023 23/02/2023 Libro impreso